000 00690nam a22001937a 4500
008 260414b |||||||| |||| 00| 0 eng d
020 _a0877932131
040 _aCUZ
_beng
_cCUZ
_drda
_eCUZ
050 _aBS2530.L38LAV
100 _aEugene Laverdiere
245 _aThe new testament in the life of the church:
_bEvangelization ,prayer ,catechetics , Homiletics
_cby Eugene Laverdiere
264 _aNotre Dame
_bAve maria press
_c©1980
300 _a189pages
336 _atext
_btxt
337 _aunmediated
_bn
338 _2rdacarrier
650 _a Philosophy, Psychology and Religion 
_aThe Bible 
_a New Testament
942 _cOS
_i2530.L38LAV
_kBS
999 _c45587
_d45587